Rahsia Sang Kambing

Bibliographic Details
Corporate Author: Title
Format: Book
Published: Selangor : Kiddibird
Series:Siri alam rimba
Subjects:

MARC

LEADER 00000cam a2200000 7i4500
001 0000003505
005 20220105103947.0
008 070718
020 |a 9833255485 
090 0 0 |a JP   |b ANM MAL (3779) 
245 0 0 |a Rahsia Sang Kambing 
260 |a Selangor :   |b Kiddibird 
440 0 |a Siri alam rimba 
500 |a Children age 4-6 years old (yellow) 
650 0 |a Animal 
650 0 |a Junior preschool   |x Malay   |x Languages 
710 0 |a Title 
999 |a 0000971161   |b Book   |c Children Collection   |e Perbadanan Perpustakaan Awam Johor 
999 |a 0000971162   |b Book   |c Children Collection   |e Cawangan Tmn. Ungku Tun Aminah 
999 |a 0000971164   |b Book   |c Children Collection   |e Perbadanan Perpustakaan Awam Johor 
999 |a 0000971165   |b Book   |c Children Collection   |e Cawangan Tmn. Ungku Tun Aminah